Statistics for Land Law: Key Cases

Click here to take the quiz!

General Stats

  • This quiz has been taken 4 times
  • The average score is 3 of 21

Answer Stats

HintAnswer% Correct
Actual occupationLink Lending v Bustard [2010]
50%
Lifetime giftMilroy v Lord (1862)
50%
Intention to giveGlaister-Carlisle [1968]
25%
Register mistakesGold Harp Ltd v Macleod [2014]
25%
Email signatureGreen v Ireland [2011]
25%
Symbolic deliveryLock v Heath (1892)
25%
Occupier has exclusive possession?Street v Mountford [1985]
25%
'Statutory magic'Swift 1st Ltd v Chief Land Registrar [2015]
25%
Constructive deliveryThomas v Times Book Co [1966]
25%
Intention to returnChokhar [1984]
0%
By mortgageeClark and Beech [2009]
0%
Right to possessionFour-Maids Ltd [1957]
0%
'Any sums due'Halifax BS v Clark (1973)
0%
Intention to possessJA PYE v Graham [2003]
0%
Dwelling houseMiller [2001]
0%
Reasonable periodNorgan [1996]
0%
Self- declarationPaul v Constance [1977]
0%
IndemnityRe Chowood's Registered Land [1933]
0%
Actual deliveryRe Cole [1964]
0%
Factual possessionRed House Farms [1977]
0%
Action for possessionRopaigelach [2000]
0%

Score Distribution

Percentile by Number Answered

Percent of People with Each Score

Your Score History

You have not taken this quiz